Name a Valid City for Every Continent A-Z with a Map - Statistics

General Stats
  • This quiz has been taken 4,661 times
  • The average score is 75 of 108
Answers on the Map
Answers color-coded by a green-red scale on the quiz's map according to % correct below.
 
Answer Stats
Continent Letter # Cities % Correct
Europe B 9 Barcelona, Belgrade, Berlin...
94%
Africa C 5 Cairo, Cape Town, Casablanca...
94%
Europe M 9 Madrid, Milan, Moscow...
94%
Europe L 6 Lille, Lisbon, London...
93%
North America M 12 Mexico City, Miami, Montreal..
93%
Europe P 4 Paris, Porto, Prague...
93%
Europe A 3 Amsterdam, Antwerp & Athens
92%
Asia B 22 Beirut, Baku, Bangkok...
92%
Africa A 12 Accra, Addis Ababa, Algiers...
90%
Asia D 21 Damman, Dubai, Doha...
90%
Asia T 17 Taipei, Tokyo, Tel Aviv...
90%
South America B 8 Bogota, Brasília, Buenos Aires...
89%
North America C 10 Chicago, Cincinnati, Cleveland...
89%
Europe S 9 Seville, Sofia, Stockholm...
89%
North America L 4 Las Vegas, Los Angeles, Louisville...
88%
North America N 2 Nashville & New York
88%
Europe R 3 Rome Rostov-on-Don & Rotterdam
88%
North America S 16 San Diego, San Francisco, Seattle...
88%
Asia S 27 Shanghai, Singapore, Salem...
88%
Asia A 20 Ankara, Abu Dhabi, Amritsar...
87%
Asia J 17 Jaipur, Jeddah, Jakarta...
87%
Asia M 20 Mosul, Multan, Mumbai...
87%
Europe O 2 Odessa & Oslo
87%
North America P 7 Panama City, Philadelphia, Phoenix...
87%
North America D 3 Dallas, Denver & Detroit
86%
Europe D 3 Dnipro, Donetsk & Dublin
86%
Europe H 3 Hamburg, Hanover & Helsinki
86%
Asia H 24 Hanoi, Hefei, Hyderabad...
85%
North America H 4 Hartford, Havana, Houston...
85%
Asia K 23 Kabul, Kuala Lumpur, Kuwait City...
85%
South America L 2 La Paz & Lima
85%
Europe C 2 Cologne & Copenhagen
84%
Asia I 4 Indore, Isfahan, Izmir...
84%
Africa L 6 Lagos, Lomé, Luanda...
84%
South America S 6 Salvador, São Luís, Sao Paulo...
84%
North America A 3 Aguascalientes Atlanta & Austin
83%
Oceania S 1 Sydney
83%
North America T 7 Tampa, Tegucigalpa, Toronto...
83%
Europe V 4 Valencia, Vienna, Volgograd...
83%
North America B 2 Boston & Buffalo
82%
Europe I 1 Istanbul
82%
Africa J 2 Johannesburg & Jos
82%
Europe K 4 Katowice, Kharkiv, Kiev...
82%
Europe N 6 Naples, Newcastle, Nuremberg...
82%
North America O 3 Oklahoma City, Orlando & Ottawa
82%
South America R 3 Recife, Rio de Janeiro & Rosario
82%
Europe W 1 Warsaw
82%
Africa D 4 Dakar, Douala, Durban...
81%
Oceania A 2 Adelaide & Auckland
80%
Africa K 9 Kampala, Kano, Khartoum...
80%
North America W 1 Washington, D.C.
80%
Africa N 4 N'Djamena, Nairobi, Niamey...
79%
South America C 8 Cali, Campinas, Caracas...
78%
Oceania M 1 Melbourne
78%
Oceania P 1 Perth
77%
Africa T 4 Tangier, Tripoli, Tunis...
77%
North America V 2 Vancouver & Virginia Beach
77%
Africa M 8 Maputo, Mogadishu, Mombasa...
76%
South America M 7 Manaus, Maracaibo, Montevideo..
75%
South America Q 1 Quito
75%
Asia R 5 Rajkot, Rawalpindi, Riyadh...
75%
Oceania B 1 Brisbane
74%
Europe F 1 Frankfurt
74%
Asia G 12 Gaza, Guangzhou, Gujranwala...
74%
Europe Z 1 Zurich
74%
Europe G 1 Glasgow
73%
Asia O 3 Omsk, Osaka & Okayama
73%
Asia C 20 Colombo, Chengdu, Chennai...
72%
Asia U 3 Ulaanbaatar, Ulsan & Urumqi
72%
North America E 2 Edmonton & El Paso
71%
North America G 3 Greensboro, Guadalajara & Guatemala City
70%
Africa B 8 Bamako, Bangui, Banjul...
69%
Asia P 10 Phnom Penh, Pyongyang, Pune...
69%
Asia L 14 Lahore, Lucknow, Luzhou...
67%
Europe T 2 Toulouse & Turin
66%
Africa F 2 Fes & Freetown
65%
Africa R 1 Rabat
65%
South America A 2 Arequipa & Asunción
64%
North America J 2 Jacksonville & Juarez
64%
Asia X 9 Xi'an, Xiamen, Xining...
63%
Asia Y 14 Yangon, Yangzhou, Yerevan...
62%
Asia W 7 Wenzhou, Wuhan, Wuhu...
61%
Africa H 1 Harare
58%
North America I 1 Indianapolis
57%
Africa O 3 Onitsha, Oran & Ouagadougou
56%
Africa Y 1 Yaoundé
54%
North America K 1 Kansas City
53%
Asia N 12 Nagoya, Nanjing, Nur-Sultan...
53%
North America R 2 Raleigh & Richmond
53%
South America V 3 Valencia, Valparaíso & Vitória
53%
South America F 2 Florianópolis & Fortaleza
43%
South America G 2 Goiânia & Guayaquil
42%
Asia F 4 Faisalabad, Fukuoka, Fuzhou...
40%
Asia Q 7 Qingdao, Qom, Quetta...
40%
North America F 1 Fresno
36%
South America P 1 Porto Alegre
35%
Africa P 3 Pointe-Noire, Port Elizabeth & Port Harcourt
34%
Asia Z 10 Zhengzhou, Zhenjiang, Zhuhai...
31%
Africa I 2 Ibadan & Ilorin
30%
Europe U 1 Ufa
29%
Asia E 2 Erbil & Ezhou
24%
South America N 1 Natal
22%
Asia V 4 Vadodara, Varanasi, Vijayawada...
21%
Africa S 2 Sokoto & Sousse
15%
North America Q 1 Querétaro
14%
South America J 1 João Pessoa
10%
South America T 1 Teresina
8%
Africa Z 1 Zaria
6%
No matching quizzes found
Score Distribution
Percent of People with Each Score
Percentile by Number Answered
Your Score History
You have not taken this quiz